000 00286nam a2200121Ia 4500
008 240624s9999 xx 000 0 und d
041 _aeng
082 _a823 MUR
100 _aMURAKAMI HARUKI
245 _a1Q84 BOOKS ONE TWO AND THREE
260 _c2012
_aLondon
_bVintage
365 _cRS
999 _c25361
_d25361